<The> Connection between the Exchange Rate and the Balance of Payments Accounts in the Czech Republic: An Econometric Approach
Analýza vzťahov medzi nominálnym výmenným kurzom, bežným účtom a finančným účtom v platobnej bilancii v Českej republike. Implementovaná kointegračná analýza a model opravy vektorovej chyby naznačuje Grangerovu kauzalitu - zmena platobnej bilancie na bežnom účte ovplyvňuje bilančný stav na finančnom...
Uložené v:
| Hlavný autor: | |
|---|---|
| Médium: | Kapitola |
| Jazyk: | English |
| Predmet: | |
| Tagy: |
Žiadne tagy, Buďte prvý, kto otaguje tento záznam!
|
MARC
| LEADER | 00000nla a2200000 4500 | ||
|---|---|---|---|
| 001 | 0242277 | ||
| 005 | 20240416112411.9 | ||
| 041 | 0 | |a eng | |
| 044 | |a CZ | ||
| 245 | 1 | 0 | |a <The> Connection between the Exchange Rate and the Balance of Payments Accounts in the Czech Republic: An Econometric Approach |c Tomáš Urbanovský |
| 520 | |a Analýza vzťahov medzi nominálnym výmenným kurzom, bežným účtom a finančným účtom v platobnej bilancii v Českej republike. Implementovaná kointegračná analýza a model opravy vektorovej chyby naznačuje Grangerovu kauzalitu - zmena platobnej bilancie na bežnom účte ovplyvňuje bilančný stav na finančnom účte. | ||
| 610 | 2 | 0 | |a kurz výmenný |
| 610 | 2 | 0 | |a bilancia platobná |
| 610 | 2 | 0 | |a rady časové |
| 610 | 2 | 0 | |a účty |
| 610 | 2 | 0 | |a účty bankové |
| 610 | 2 | 0 | |a účty bežné |
| 610 | 2 | 0 | |a účty finančné |
| 610 | 2 | 0 | |a analýza ekonometrická |
| 610 | 2 | 0 | |a Česko |
| 100 | 1 | |a Urbanovský, Tomáš | |